000 01133nam a22003377a 4500
001 BR7376001
003 BR-BrBNA
005 20230928084452.0
007 ta
008 230509b bl.||||| |||| 00| 0 por d
040 _aBR-BrBNA
_bpor
_cBiblioteca Nacional de Agricultura
041 _a(Por)
072 _aF04; F01
_b0180
_b0336
_b3801
_b3840
_b/G514
090 _ 0180 BR7376001
100 1 _aWinkler, H.
100 1 _aMoraes, O. de
111 1 _a5. Reuniao da Comissao Estadual de Fertilidade do Solo
_cFlorianopolis, SC (Brazil)
_d3-4 Jul 1973
245 1 _aEnsaios de adubacao e calagem trigo em rotacao com soja no estado de Santa Catarina [Brasil]
260 3 _aFlorianopolis, SC (Brasil):
_c1973.
300 _a25 p.
500 _a7 tables; 11 graphs. (*) Documento disponível na(o) Instituto de Planejamento e Economia Agricola de Santa Catarina, Florianopolis (Brazil)
650 _aTRIGO
650 _aSOJA
650 _aADUBACAO
650 _aCALAGEM
650 _aPRATICA CULTURAL
650 _aSANTA CATARINA
650 _aROTACAO DE CULTURA
909 _a202309
_bLucia
_c55
_dLucia Elande
942 _cBK
999 _c19156
_d19156